00665 2200265 4500001002100000005001700021008004100038020001800079035002400097082001200121090001900133100001200152245003800164250001100202260002300213300003100236500002700267650002800294850001500322980001300337985000600350986001300356999001500369999001500384YOGYA-0209000000305320090227020607.0 ind  a979-448-139-4 0010-020900000003053 a616.962 a616.962bSud H aSUDARTO aHelmintologi kedokterancSoedarto aCet. 2 aJakartabEGCc1992 aviii, 203 hlmbilusc21 cm aBibliografi : hlm. 153 aHelmintologi kedokteran aYOPDYOG[B] a06-01-06 a2 afwhrtrev a94P0050470 a93P0035574